Taylor Swift Track 5 Songs - Sudden Death - Statistics

General Stats
  • This quiz has been taken 226 times
  • The average score is 5 of 7
Answers on the Grid
Answers color-coded by a green-red scale on the quiz's grid according to % correct below.
Cold As You
loml
Cornelia Street
All Too Well
New Year’s Day
Soon You’ll Get Better
Tolerate it
White Horse
Innocent
You’re On Your Own Kid
I Wish You Would
So Long London
Maroon
The Moment I Knew
Dear John
Cardigan
 
Answer Stats
Answer % Correct
Cold As You
81%
All Too Well
77%
So Long London
75%
You’re On Your Own Kid
72%
Dear John
70%
Tolerate it
63%
White Horse
61%
No matching quizzes found
Score Distribution
Percent of People with Each Score
Percentile by Number Answered
Your Score History
You have not taken this quiz